000 00869nam a2200253Ia 4500
003 OSt
005 20220923214352.0
006 a|||||r|||| 00| 0
007 ta
008 220922b |||||||| |||| 00| 0 hin d
024 _a169,210
037 _cTextual
040 _aARTS
_cARTS
_bhin
041 _2hin
_ahin
082 _aO152,1I89,1, H9
100 _aसेनापति; शुक्ल, उमाशंकर, संपा.
_9163333
245 0 _aकवित्त - रत्नाकर
246 _aKavitta - ratnākara
260 _aप्रयाग
_b हिन्दी परिषद्
_c1949
300 _a253पृ.
_ccm.
650 _aहिन्दी कविता
942 _hO152,1I89,1, H9
_cTEXL
_2CC
999 _c323666
_d323666